[Event "Titled Tuesday intern op 01st Apr Late"]
[Site "Chess.com INT"]
[Date "2025.04.01"]
[Round "10"]
[White "Ashraf, Artin"]
[Black "Erdogmus, Yagiz Kaan"]
[Result "0-1"]
[WhiteElo "2407"]
[BlackElo "2618"]
[PlyCount "72"]
[EventDate "2025.04.01"]
[EventType "swiss (blitz)"]
[EventRounds "11"]
[EventCountry "USA"]
[SourceTitle "CB21_2025"]
[SourceDate "2025.05.21"]
[SourceVersion "1"]
[SourceVersionDate "2025.05.21"]
[SourceQuality "1"]

1. d4 Nf6 2. c4 b6 3. g3 Bb7 4. Nf3 g6 5. Bg2 Bg7 6. 0-0 0-0 7. d5 Na6 8. Nc3 Nc5 9. Qc2 e6 10. e4 d6 11. Be3 a5 12. a3 a4 13. Rfe1 Nfd7 14. Nd4 e5 15. Nc6 Bxc6 16. dxc6 Nb8 17. Bxc5 bxc5 18. Nxa4 Nxc6 19. Nc3 Nd4 20. Qd1 Qd7 21. Rb1 Rfb8 22. Ne2 Nb3 23. Nc3 c6 24. h4 h5 25. Kh2 Bh6 26. Bh3 Qe7 27. Qd3 Nd4 28. Qd1 Rb3 29. Kg2 Rab8 30. Qd3 Qf6 31. Kg1 Rxb2 32. Rxb2 Rxb2 33. Rf1 Rd2 34. Qb1 Qf3 35. Qb8+ Kg7 36. Bg2 Qxc3 0-1

[Event "Titled Tuesday intern op 01st Apr Late"]
[Site "Chess.com INT"]
[Date "2025.04.01"]
[Round "1"]
[White "Ashraf, Artin"]
[Black "Jacobsen, Mikkel Manosri"]
[Result "1-0"]
[WhiteElo "2407"]
[BlackElo "2209"]
[PlyCount "75"]
[EventDate "2025.04.01"]
[EventType "swiss (blitz)"]
[EventRounds "11"]
[EventCountry "USA"]
[SourceTitle "CB15_2025"]
[SourceDate "2025.04.09"]
[SourceVersion "1"]
[SourceVersionDate "2025.04.09"]
[SourceQuality "1"]

1. c4 c6 2. Nf3 d5 3. e3 Nf6 4. Nc3 a6 5. h3 g6 6. b3 Bg7 7. Bb2 0-0 8. Rc1 Re8 9. Be2 e5 10. d4 e4 11. Nd2 h5 12. Ba3 h4 13. Nf1 Bf5 14. Nh2 Qd7 15. Na4 Qd8 16. Ng4 Nbd7 17. 0-0 Nh7 18. Nc5 Rb8 19. cxd5 cxd5 20. Nxd7 Qxd7 21. Ne5 Qe6 22. Rc7 Ng5 23. Ng4 Rec8 24. Qc2 Qb6 25. Rc1 Qa5 26. Bd6 Ra8 27. Ne5 Rxc7 28. Qxc7 Qxa2 29. Qxb7 Re8 30. Bf1 a5 31. Rc7 Bxe5 32. Bxe5 Bxh3 33. Qc6 Rxe5 34. dxe5 Qa1 35. Qc1 Qxe5 36. Qc3 Qd6 37. Rc6 Qb8 38. Qf6 1-0

[Event "Titled Tuesday intern op 01st Apr Early"]
[Site "Chess.com INT"]
[Date "2025.04.01"]
[Round "4"]
[White "Ashraf, Artin"]
[Black "Souleidis, Georgios"]
[Result "0-1"]
[WhiteElo "2407"]
[BlackElo "2418"]
[PlyCount "114"]
[EventDate "2025.04.01"]
[EventType "swiss (blitz)"]
[EventRounds "11"]
[EventCountry "USA"]
[SourceTitle "CB15_2025"]
[SourceDate "2025.04.09"]
[SourceVersion "1"]
[SourceVersionDate "2025.04.09"]
[SourceQuality "1"]

1. d4 Nf6 2. Nf3 g6 3. Bg5 Bg7 4. Nbd2 d5 5. c3 0-0 6. e3 Nbd7 7. Be2 Re8 8. 0-0 e5 9. dxe5 Nxe5 10. Nxe5 Rxe5 11. Bf4 Re8 12. h3 c5 13. Nf3 Be6 14. Qa4 a6 15. Rad1 b5 16. Qc2 Qb6 17. a4 b4 18. Ra1 a5 19. Bb5 Bd7 20. Bxd7 Nxd7 21. Rad1 Nf6 22. Bg5 Rad8 23. c4 dxc4 24. Rxd8 Qxd8 25. Qxc4 Qd5 26. Qb5 Ra8 27. Bxf6 Bxf6 28. b3 Bc3 29. Rb1 Qf5 30. Qf1 Rd8 31. Rd1 Rxd1 32. Qxd1 Qe6 33. Ng5 Qe7 34. Nf3 Qe6 35. Ng5 Qe7 36. h4 h6 37. Nf3 Qe6 38. h5 gxh5 39. Nh4 Bf6 40. Nf3 c4 41. bxc4 Qxc4 42. e4 Qxe4 43. Qb3 Qc6 44. Qd3 Qc3 45. Qd5 b3 46. Qe4 b2 47. Kh2 Qc7+ 48. g3 Qc1 49. Qe8+ Kg7 50. Ne5 Qc7 51. Nd7 Qxd7 52. Qxd7 b1Q 53. Qd5 Qb4 54. Qxh5 Qxa4 55. Qd5 Qb4 56. Qf5 a4 57. Qe4 Qxe4 0-1

[Event "Titled Tuesday intern op 01st Apr Early"]
[Site "Chess.com INT"]
[Date "2025.04.01"]
[Round "7"]
[White "Grutter, Tim"]
[Black "Ashraf, Artin"]
[Result "0-1"]
[WhiteElo "2417"]
[BlackElo "2407"]
[PlyCount "80"]
[EventDate "2025.04.01"]
[EventType "swiss (blitz)"]
[EventRounds "11"]
[EventCountry "USA"]
[SourceTitle "CB15_2025"]
[SourceDate "2025.04.09"]
[SourceVersion "1"]
[SourceVersionDate "2025.04.09"]
[SourceQuality "1"]

1. Nf3 d5 2. g3 Nf6 3. Bg2 e6 4. 0-0 Be7 5. d3 0-0 6. c4 b6 7. cxd5 exd5 8. Nc3 Bb7 9. Bf4 a6 10. Rc1 d4 11. Ne4 c5 12. Nxf6+ Bxf6 13. a3 Nc6 14. Ne5 Bxe5 15. Bxe5 a5 16. Bf4 a4 17. Rc4 Qe7 18. Rxa4 Rae8 19. Rc4 Na5 20. Rc2 Bxg2 21. Kxg2 Nb3 22. Rc4 Na5 23. Rc2 Nb3 24. Re1 Qb7+ 25. Kg1 Re6 26. Rc4 Na5 27. Rc1 Rfe8 28. b4 cxb4 29. axb4 Nc6 30. b5 Nb4 31. Rc7 Qd5 32. Rc4 g5 33. Bd2 Na2 34. Qb3 Qf5 35. Qxa2 Rxe2 36. Rxe2 Rxe2 37. f4 Qh3 38. Qa8+ Kg7 39. Rxd4 Qxh2+ 40. Kf1 Qf2# 0-1

[Event "Titled Tuesday intern op 01st Apr Early"]
[Site "Chess.com INT"]
[Date "2025.04.01"]
[Round "1"]
[White "Kononenko, Dmitry1"]
[Black "Ashraf, Artin"]
[Result "1-0"]
[WhiteElo "2178"]
[BlackElo "2407"]
[PlyCount "127"]
[EventDate "2025.04.01"]
[EventType "swiss (blitz)"]
[EventRounds "11"]
[EventCountry "USA"]
[SourceTitle "CB15_2025"]
[SourceDate "2025.04.09"]
[SourceVersion "1"]
[SourceVersionDate "2025.04.09"]
[SourceQuality "1"]

1. d4 d5 2. c4 c6 3. cxd5 cxd5 4. Bf4 Nc6 5. e3 Nf6 6. Nc3 Bf5 7. Qb3 Na5 8. Qa4+ Bd7 9. Qc2 e6 10. Bd3 Nc6 11. a3 Nh5 12. Bg3 Nxg3 13. hxg3 g6 14. f4 Bg7 15. Nf3 0-0 16. g4 Rc8 17. Qf2 a6 18. g5 Qb6 19. Qh4 Rfe8 20. Qxh7+ Kf8 21. Rb1 Ne7 22. g4 Qb3 23. Kf2 Bb5 24. Bxb5 axb5 25. Kg3 Qc2 26. Rh2 Qd3 27. Re1 Ng8 28. Rd2 Qc4 29. Qh2 Qc7 30. Nxb5 Qa5 31. Nd6 Ne7 32. Nxe8 Rxe8 33. Rc2 Nc6 34. Qd2 Qb6 35. b4 Ra8 36. Qc3 Kg8 37. Rb1 Qb5 38. Kf2 Bf8 39. Rb3 Bd6 40. Qd3 Qb6 41. Rbc3 Kg7 42. Rc5 Ne7 43. Kg3 Rh8 44. Rh2 Rxh2 45. Kxh2 Bxc5 46. dxc5 Qa7 47. Qc3+ Kg8 48. b5 Qa4 49. Qb4 Qc2+ 50. Kg3 Nc8 51. Qd4 Na7 52. c6 Nxb5 53. cxb7 Nxd4 54. b8Q+ Kg7 55. Qe5+ Kg8 56. Qxd4 Qa2 57. a4 Qb1 58. a5 Qa2 59. Qb6 d4 60. exd4 Qa3 61. a6 Kg7 62. a7 Qa1 63. Qb8 Qh1 64. a8Q 1-0

[Event "Titled Tuesday intern op 25th Mar Early"]
[Site "Chess.com INT"]
[Date "2025.03.25"]
[Round "7"]
[White "Aarav, A."]
[Black "Ashraf, Artin"]
[Result "0-1"]
[WhiteElo "2243"]
[BlackElo "2407"]
[PlyCount "98"]
[EventDate "2025.03.25"]
[EventType "swiss (blitz)"]
[EventRounds "11"]
[EventCountry "USA"]
[SourceTitle "CB14_2025"]
[SourceDate "2024.11.01"]
[SourceVersion "1"]
[SourceVersionDate "2024.11.01"]
[SourceQuality "1"]

1. d3 e5 2. Nf3 Nc6 3. g3 d5 4. Bg2 Nf6 5. 0-0 Be7 6. Nbd2 0-0 7. e4 dxe4 8. dxe4 Bc5 9. c3 a5 10. Qc2 b6 11. Rd1 Ng4 12. Nb3 Bxf2+ 13. Kh1 Qf6 14. h3 Ne3 15. Bxe3 Bxe3 16. Rf1 Ba6 17. c4 a4 18. Nc1 Bb7 19. Nh4 Qg5 20. Ne2 Bc5 21. Rf5 Qe7 22. Raf1 Rad8 23. Qxa4 Rd2 24. Nc3 Rxb2 25. Nd5 Qd8 26. Qd1 Nd4 27. Rxe5 f6 28. Rh5 g6 29. Qg4 Bc8 30. Nf5 c6 31. Nf4 Qe8 32. Rh6 Nxf5 33. exf5 Bxf5 34. Qf3 Kg7 35. Rh4 Rxa2 36. Nh5+ Kh8 37. Nf4 g5 38. Rh5 Ra3 39. Qxc6 Qxc6 40. Bxc6 Rxg3 41. Kh2 Ra3 42. Nd5 Bd6+ 43. Kg1 Rg3+ 44. Kf2 Rxh3 45. Rxh3 Bxh3 46. Rb1 Bc5+ 47. Kg3 Bf5 48. Rf1 Bd3 49. Bb5 Bxf1 0-1

[Event "Titled Tuesday intern op 25th Mar Early"]
[Site "Chess.com INT"]
[Date "2025.03.25"]
[Round "11"]
[White "Ashraf, Artin"]
[Black "Bok, Benjamin"]
[Result "1-0"]
[WhiteElo "2407"]
[BlackElo "2592"]
[PlyCount "115"]
[EventDate "2025.03.25"]
[EventType "swiss (blitz)"]
[EventRounds "11"]
[EventCountry "USA"]
[SourceTitle "CB14_2025"]
[SourceDate "2024.11.01"]
[SourceVersion "1"]
[SourceVersionDate "2024.11.01"]
[SourceQuality "1"]

1. e4 c5 2. Nf3 d6 3. d4 cxd4 4. Qxd4 Nf6 5. Nc3 Nc6 6. Bb5 Bd7 7. Bxc6 Bxc6 8. Bg5 e6 9. 0-0-0 Be7 10. Qd3 Qa5 11. h4 h6 12. Bd2 Qa6 13. Qxa6 bxa6 14. Rde1 e5 15. Nh2 Kd7 16. Nf1 Bd8 17. f3 Bb6 18. Ne3 Ke6 19. Ne2 h5 20. c4 a5 21. Nc3 a4 22. Kc2 g6 23. Ned5 Rhc8 24. Bg5 Nh7 25. Nxb6 axb6 26. Kd3 Nf8 27. b4 axb3 28. axb3 Nd7 29. Ra1 f6 30. Be3 f5 31. b4 fxe4+ 32. fxe4 Rf8 33. Nd5 Bxd5 34. exd5+ Kf5 35. Rhf1+ Kg4 36. Rxf8 Rxa1 37. Rf7 e4+ 38. Kxe4 Ne5 39. Rf4+ Kg3 40. Bf2+ Kxg2 41. Bxb6 Rc1 42. c5 Rc4+ 43. Ke3 Rc3+ 44. Kd2 Rd3+ 45. Kc2 Rxd5 46. Rf6 dxc5 47. Bxc5 Kh3 48. Rf4 Nd3 49. Rc4 Ne5 50. Rf4 Nc6 51. Rc4 g5 52. hxg5 Rxg5 53. Bd6 Ne5 54. Rc5 Rg2+ 55. Kc3 Nf7 56. Rxh5+ Kg4 57. Rd5 Re2 58. Bc5 1-0

[Event "Titled Tuesday intern op 25th Mar Early"]
[Site "Chess.com INT"]
[Date "2025.03.25"]
[Round "2"]
[White "Fikiet, Alex M"]
[Black "Ashraf, Artin"]
[Result "0-1"]
[WhiteElo "2151"]
[BlackElo "2407"]
[PlyCount "75"]
[EventDate "2025.03.25"]
[EventType "swiss (blitz)"]
[EventRounds "11"]
[EventCountry "USA"]
[SourceTitle "CB14_2025"]
[SourceDate "2024.11.01"]
[SourceVersion "1"]
[SourceVersionDate "2024.11.01"]
[SourceQuality "1"]

1. e4 e6 2. d4 d5 3. e5 c5 4. c3 Qa5 5. dxc5 Qc7 6. Nf3 Nc6 7. Bf4 Bxc5 8. b4 Bb6 9. Bd3 Nge7 10. 0-0 f5 11. a4 a6 12. Re1 0-0 13. Na3 Ng6 14. Qd2 Bd7 15. Nc2 Nxf4 16. Qxf4 Ne7 17. Ra3 a5 18. b5 Bc5 19. Rb3 b6 20. h4 Kh8 21. h5 Ng8 22. Ncd4 Rac8 23. g3 Nh6 24. Kg2 Qd8 25. Rh1 Nf7 26. Rbb1 Be7 27. Qd2 Qc7 28. Rbc1 Nxe5 29. h6 g6 30. Rhe1 Nxf3 31. Nxf3 Bf6 32. Qe3 Rfe8 33. Ne5 Bxe5 34. Qxe5+ Qxe5 35. Rxe5 Rc5 36. c4 Rec8 37. cxd5 Rxc1 38. dxe6 0-1

[Event "Titled Tuesday intern op 18th Mar Late"]
[Site "Chess.com INT"]
[Date "2025.03.18"]
[Round "3"]
[White "Ashraf, Artin"]
[Black "Yurovskich, Oleksandr"]
[Result "1-0"]
[WhiteElo "2407"]
[BlackElo "2328"]
[PlyCount "135"]
[EventDate "2025.03.18"]
[EventType "swiss (blitz)"]
[EventRounds "11"]
[EventCountry "USA"]
[SourceTitle "CB13_2025"]
[SourceDate "2025.03.26"]
[SourceVersion "1"]
[SourceVersionDate "2025.03.26"]
[SourceQuality "1"]

1. e4 d5 2. exd5 Qxd5 3. Nc3 Qd6 4. g3 Nf6 5. Bg2 Nc6 6. Nge2 e5 7. d3 Bg4 8. h3 Be6 9. 0-0 0-0-0 10. a3 Qd7 11. Kh2 h5 12. Bg5 Be7 13. Bxf6 Bxf6 14. Ne4 Be7 15. b4 f5 16. b5 Na5 17. Qd2 Nc4 18. Qc3 fxe4 19. dxc4 Bf6 20. a4 Qd2 21. Rfe1 e3 22. fxe3 e4 23. Qxd2 Rxd2 24. Nd4 Bxd4 25. exd4 Bxc4 26. Kg1 Rf8 27. Bxe4 Rxd4 28. Rad1 Rxd1 29. Rxd1 Be6 30. Kg2 b6 31. Bf3 g6 32. Re1 Bf5 33. c4 Kd7 34. Rd1+ Ke7 35. Bd5 Kd6 36. Re1 Rd8 37. Re3 Kc5 38. h4 Kb4 39. Kf3 Kxa4 40. Kf4 Kb4 41. Kg5 Kc5 42. Re7 Rd7 43. Rxd7 Bxd7 44. Kxg6 Bg4 45. Kg5 Kb4 46. Bf7 Kc5 47. Bxh5 Be6 48. Be2 c6 49. bxc6 Kxc6 50. h5 a5 51. Kf6 Bg8 52. Kg7 Be6 53. h6 Bf5 54. g4 Be4 55. g5 a4 56. Bd1 a3 57. Bb3 Kc5 58. g6 Kb4 59. Ba2 Kc3 60. h7 Kb2 61. h8Q Kxa2 62. Qe8 Bxg6 63. Kxg6 Kb2 64. Qb5+ Kc2 65. Qxb6 a2 66. Qa5 Kb2 67. c5 Kc2 68. Qxa2+ 1-0

[Event "Titled Tuesday intern op 18th Mar Late"]
[Site "Chess.com INT"]
[Date "2025.03.18"]
[Round "6"]
[White "Zlatkov, Anton"]
[Black "Ashraf, Artin"]
[Result "0-1"]
[WhiteElo "2321"]
[BlackElo "2407"]
[PlyCount "48"]
[EventDate "2025.03.18"]
[EventType "swiss (blitz)"]
[EventRounds "11"]
[EventCountry "USA"]
[SourceTitle "CB13_2025"]
[SourceDate "2025.03.26"]
[SourceVersion "1"]
[SourceVersionDate "2025.03.26"]
[SourceQuality "1"]

1. Nf3 d5 2. g3 b6 3. Bg2 Bb7 4. 0-0 Nd7 5. c4 dxc4 6. Qa4 a6 7. Qxc4 b5 8. Qc2 Ngf6 9. d4 e6 10. Bf4 c5 11. Rd1 Rc8 12. d5 Nxd5 13. Ne5 Nxe5 14. Bxe5 Qg5 15. f4 Qe7 16. e4 Ne3 17. Qe2 Nxd1 18. Qxd1 Qd7 19. Qe2 f6 20. Bc3 Be7 21. b3 0-0 22. Nd2 Rfd8 23. Bf1 b4 24. Bb2 Qxd2 0-1

[Event "Titled Tuesday intern op 11th Mar Early"]
[Site "Chess.com INT"]
[Date "2025.03.11"]
[Round "1"]
[White "Ashraf, Artin"]
[Black "Punin, Andrii"]
[Result "1-0"]
[WhiteElo "2407"]
[BlackElo "2289"]
[PlyCount "85"]
[EventDate "2025.03.11"]
[EventType "swiss (blitz)"]
[EventRounds "11"]
[EventCountry "USA"]
[SourceTitle "CB12_2025"]
[SourceDate "2025.03.19"]
[SourceVersion "1"]
[SourceVersionDate "2025.03.19"]
[SourceQuality "1"]

1. d4 Nf6 2. c4 e6 3. g3 d5 4. Bg2 dxc4 5. Qa4+ Nbd7 6. Qxc4 c5 7. Nf3 a6 8. Qc2 Ra7 9. 0-0 b5 10. a4 Qb6 11. axb5 axb5 12. Rxa7 Qxa7 13. Nc3 Qb6 14. Ne5 Nxe5 15. dxe5 Nd7 16. Rd1 Be7 17. Bf4 0-0 18. h4 Rd8 19. Ne4 h6 20. Nd6 Qb8 21. Be4 Nxe5 22. Bh7+ Kf8 23. Nxc8 Rxc8 24. Qe4 Bf6 25. Qe3 Nc4 26. Qf3 Be5 27. Bc1 Qa8 28. Be4 Qa5 29. Rd7 Bf6 30. Kg2 Rd8 31. Rxd8+ Qxd8 32. Qb3 Nd6 33. Bf3 Qa5 34. Bf4 Ke7 35. Be3 c4 36. Qd1 Qc7 37. Qd2 Be5 38. Qb4 Ke8 39. Bc5 Nf5 40. Qxb5+ Kd8 41. Bb6 Nd6 42. Bxc7+ Kxc7 43. Qxe5 1-0

[Event "Titled Tuesday intern op 11th Mar Early"]
[Site "Chess.com INT"]
[Date "2025.03.11"]
[Round "6"]
[White "Ashraf, Artin"]
[Black "Weishaeutel, Moritz"]
[Result "1-0"]
[WhiteElo "2407"]
[BlackElo "2401"]
[PlyCount "117"]
[EventDate "2025.03.11"]
[EventType "swiss (blitz)"]
[EventRounds "11"]
[EventCountry "USA"]
[SourceTitle "CB12_2025"]
[SourceDate "2025.03.19"]
[SourceVersion "1"]
[SourceVersionDate "2025.03.19"]
[SourceQuality "1"]

1. Nf3 d5 2. g3 Nc6 3. d4 Bf5 4. Bg2 Nb4 5. Na3 e6 6. 0-0 Nc6 7. Nh4 Bg4 8. Nb1 Be7 9. Nf3 Nf6 10. b3 0-0 11. Bb2 Ne4 12. Nbd2 Bf6 13. e3 e5 14. h3 Nxd2 15. Qxd2 Bxf3 16. Bxf3 exd4 17. exd4 Qd6 18. c3 Rfe8 19. Kg2 Nd8 20. a4 Ne6 21. b4 Ng5 22. Bd1 Qe6 23. h4 Qh3+ 24. Kg1 Ne4 25. Qf4 g5 26. hxg5 Bxg5 27. Qg4 Qxg4 28. Bxg4 Nd2 29. Bc1 h6 30. Rd1 Ne4 31. Bb2 Nd6 32. Bc1 Ne4 33. Bb2 Nd6 34. Ra2 Re7 35. Kg2 Rae8 36. Bf3 c6 37. b5 Nc4 38. Ba3 Re1 39. Rxe1 Rxe1 40. Bc5 Bd2 41. Rc2 a6 42. bxc6 bxc6 43. Bb4 Rb1 44. Be2 Be1 45. Bd3 Nb2 46. Bf5 Nc4 47. Re2 Rc1 48. Re8+ Kg7 49. Bf8+ Kf6 50. g4 Bxc3 51. Bxh6 Re1 52. Rc8 Nd2 53. Rxc6+ Ke7 54. Bg5+ f6 55. Bxf6+ Kf7 56. g5 Ne4 57. Rc7+ Ke8 58. Bg6+ Kf8 59. Rc8# 1-0

[Event "Titled Tuesday intern op 11th Mar Early"]
[Site "Chess.com INT"]
[Date "2025.03.11"]
[Round "5"]
[White "Atakhan, Abtin"]
[Black "Ashraf, Artin"]
[Result "1-0"]
[WhiteElo "2416"]
[BlackElo "2407"]
[PlyCount "65"]
[EventDate "2025.03.11"]
[EventType "swiss (blitz)"]
[EventRounds "11"]
[EventCountry "USA"]
[SourceTitle "CB12_2025"]
[SourceDate "2025.03.19"]
[SourceVersion "1"]
[SourceVersionDate "2025.03.19"]
[SourceQuality "1"]

1. d4 g6 2. c4 Bg7 3. Nf3 d6 4. Nc3 Bg4 5. e3 Nf6 6. Be2 0-0 7. 0-0 Nbd7 8. h3 Bxf3 9. Bxf3 c6 10. b3 Qc7 11. Bb2 Rfe8 12. Qc2 Rac8 13. Rad1 a6 14. e4 e5 15. d5 c5 16. h4 Rf8 17. a4 Ne8 18. h5 f5 19. hxg6 hxg6 20. g4 Qd8 21. Kg2 fxe4 22. Bxe4 Nef6 23. Bxg6 Nxg4 24. Bc1 Qh4 25. Bf5 e4 26. Rh1 Qxf2+ 27. Qxf2 Nxf2 28. Be6+ Rf7 29. Bxf7+ Kxf7 30. Kxf2 Bxc3 31. Rh7+ Bg7 32. Rg1 Rg8 33. Bh6 1-0

[Event "Titled Tuesday intern op 11th Mar Late"]
[Site "Chess.com INT"]
[Date "2025.03.11"]
[Round "9"]
[White "Deac, Bogdan Daniel"]
[Black "Ashraf, Artin"]
[Result "0-1"]
[WhiteElo "2692"]
[BlackElo "2407"]
[PlyCount "66"]
[EventDate "2025.03.11"]
[EventType "swiss (blitz)"]
[EventRounds "11"]
[EventCountry "USA"]
[SourceTitle "CB12_2025"]
[SourceDate "2025.03.19"]
[SourceVersion "1"]
[SourceVersionDate "2025.03.19"]
[SourceQuality "1"]

1. d4 Nf6 2. Nf3 b6 3. c4 e6 4. g3 Ba6 5. Nbd2 c5 6. e4 cxd4 7. e5 Ng4 8. h3 Nh6 9. Bg2 Nc6 10. 0-0 Nf5 11. a3 Rc8 12. b4 Bb7 13. Nb3 Qc7 14. Bf4 h6 15. h4 Be7 16. h5 0-0 17. Rc1 a5 18. b5 Nd8 19. a4 Ba3 20. Rc2 Be4 21. Ra2 Be7 22. Nfxd4 Nxd4 23. Qxd4 Bxg2 24. Kxg2 Qxc4 25. Qxc4 Rxc4 26. Rd1 Rc7 27. Rad2 Nb7 28. Rxd7 Rfc8 29. Rxc7 Rxc7 30. Nd4 Nc5 31. Nc6 Nxa4 32. Be3 Bc5 33. Bf4 Nc3 0-1